000 00952cam a22002055a 4500
001 L141144
008 071030s1815 xxk eng u
035 _a(Sirsi) u141144
041 0 _aeng
100 1 _aTaylor
245 0 4 _aThe particulars of the freehold and tithe-free estates of the late William Makepeace Thackeray Esq. at Hadley, Middlesex...comprising the substantial brick residence...also a commodious dwelling house...and two other houses...which will be sold by auction by Mr Taylor at Garraway's Coffee House, Change Alley, Cornhill on Tuesday the 30th of May 1815...
260 _aS.l.
_bs.n.
_c[1815]
300 _a2 leaves
_c40 x 25 cm.
_e+ 1 sheet (17 x 20 cm.)
340 _aPrinted
351 _cSingle item
500 _aItem is accompanied by a letter from the donor dated 25 November 1943.
651 4 _aMiddlesex
690 _aPROPERTY-PROPERTY ACQUISITION AND DISPOSAL-ACQUISITION AND DISPOSAL AT AUCTION
942 _n0
999 _c116620
_d116620